|
|
|
|
| LEADER |
00000nab a2200000 a 4500 |
| 001 |
vtls008306385 |
| 003 |
SK-MaSNL |
| 005 |
20260426103555.0 |
| 008 |
140328c2005 xo zr|p|||||||000 b|slo |
| 015 |
|
|
|a SNBRB2005/10
|2 snkbucl
|
| 038 |
|
|
|a SNKBUCL
|
| 040 |
|
|
|a SNKBUCL
|b slo
|c SNKBUCL
|e AACR2
|
| 041 |
0 |
|
|a slo
|
| 044 |
|
|
|a xo
|c SK
|
| 080 |
|
|
|a 711.2
|x (437.6)
|2 1997
|
| 080 |
|
|
|a 69:711.2
|x (437.6)
|2 1997
|
| 100 |
1 |
|
|a Cifrová, Martina
|4 aut
|9 738003
|
| 245 |
1 |
0 |
|a Urbanizmus miest a investičná výstavba
|c Martina Cifrová
|
| 300 |
|
|
|b Fotogr.
|
| 650 |
0 |
7 |
|a urbanizmus
|2 snkbucl
|9 2925
|
| 650 |
0 |
7 |
|a mestá
|2 snkbucl
|9 2929
|
| 650 |
0 |
7 |
|a investičná výstavba
|2 snkbucl
|9 281248
|
| 651 |
|
7 |
|a Slovensko
|2 snkbucl
|9 14231
|
| 773 |
0 |
|
|t ASB
|g Roč. XII, č. 5 (2005), s. 72-73
|x 1335-1230
|
| 852 |
|
|
|a SNK
|b KIS3GCP
|
| 958 |
|
|
|a SK
|
| 999 |
|
|
|c 3290366
|d 3292296
|